000 00302nam a22001337a 4500
008 171002b xxu||||| |||| 00| 0 eng d
020 _a9780521426206
041 _aeng
080 _a159.9
100 _a48
101 _aPSI
245 _aESSENTIAL PSYCHOPHARMACOLOGY
_cSTAHL.S.M
942 _2udc
_cBK
999 _c31182
_d31182